Guia de estudio y libro de ejercicios del curso de economia moderna (Registro nro. 30669)

Detalles MARC
000 -CABECERA
campo de control de longitud fija 00730nam a2200301Ia 4500
001 - NÚMERO DE CONTROL
campo de control 30669
003 - IDENTIFICADOR DEL NÚMERO DE CONTROL
campo de control 96375
005 - FECHA Y HORA DE LA ÚLTIMA TRANSACCIÓN
campo de control 20240712161133.0
008 - DATOS DE LONGITUD FIJA--INFORMACIÓN GENERAL
campo de control de longitud fija ||||||n9999 ||| || ||
041 ## - CÓDIGO DE LENGUA
Código de lengua del texto/banda sonora o título independiente spa
082 ## - NÚMERO DE LA CLASIFICACIÓN DECIMAL DEWEY
Número de edición 19
Número de clasificación 330101
100 1# - ENTRADA PRINCIPAL--NOMBRE DE PERSONA
Nombre de persona Samuelson, Paul Anthony
Fechas asociadas al nombre 1915-2009
9 (RLIN) 5618
245 #0 - MENCIÓN DE TÍTULO
Título Guia de estudio y libro de ejercicios del curso de economia moderna
250 ## - MENCIÓN DE EDICIÓN
Mención de edición 4ed
260 ## - PUBLICACIÓN, DISTRIBUCIÓN, ETC.
Lugar de publicación, distribución, etc. España :
Nombre del editor, distribuidor, etc. Aguilar,
Fecha de publicación, distribución, etc. 1972.
300 ## - DESCRIPCIÓN FÍSICA
Extensión 648p
490 ## - MENCIÓN DE SERIE
Mención de serie Biblioteca de ciencias sociales. Seccion primera economia
562 ## - NOTA DE IDENTIFICACIÓN DE LA COPIA Y VERSIÓN
Número de copias 1
526 ## - NOTA DE INFORMACIÓN SOBRE EL PROGRAMA DE ESTUDIO
Nombre del programa 116204 - ECONOMÍA PÚBLICA - Presencial
526 ## - NOTA DE INFORMACIÓN SOBRE EL PROGRAMA DE ESTUDIO
Nombre del programa 4969 - ESPECIALIZACIÓN EN ADMINISTRACIÓN PÚBLICA CONTEMPORÁNEA - Presencial
526 ## - NOTA DE INFORMACIÓN SOBRE EL PROGRAMA DE ESTUDIO
Nombre del programa 19790 - MAESTRÍA EN ADMINISTRACIÓN PÚBLICA - Presencial
526 ## - NOTA DE INFORMACIÓN SOBRE EL PROGRAMA DE ESTUDIO
Nombre del programa 104436 - MAESTRÍA EN ADMINISTRACIÓN PÚBLICA - A distancia
526 ## - NOTA DE INFORMACIÓN SOBRE EL PROGRAMA DE ESTUDIO
Nombre del programa 5144 - ESPECIALIZACIÓN EN ALTA DIRECCIÓN DEL ESTADO - Presencial
526 ## - NOTA DE INFORMACIÓN SOBRE EL PROGRAMA DE ESTUDIO
Nombre del programa 51868 - ADMINISTRACIÓN PÚBLICA - Presencial
526 ## - NOTA DE INFORMACIÓN SOBRE EL PROGRAMA DE ESTUDIO
Nombre del programa 1697 - ADMINISTRACIÓN PÚBLICA TERRITORIAL - A distancia
942 ## - ELEMENTOS DE PUNTO DE ACCESO ADICIONAL (KOHA)
Tipo de ítem Koha Libro
942 ## - ELEMENTOS DE PUNTO DE ACCESO ADICIONAL (KOHA)
Tipo de ítem Koha Libro
Existencias
Estado de retiro Estado de pérdida Estado dañado No para préstamo Código de colección Localización permanente Ubicación/localización actual Fecha de adquisición Coste, precio normal de compra Signatura topográfica completa Código de barras Número de copia Tipo de ítem Koha
        General Bogotá - Sede Central Bogotá - Sede Central 01/02/2024 480.00 330 S15g 4ed 24105 1 Libro